Sports Quiz

Random Sports or Football Quiz

Bundesliga Players with most Assists since 2010/11 Quiz Stats

 Plays Quiz not verified by Sporcle

Score 0/56 Timer 10:00
0 Plays Today
Year Player % Correct
2011/12Marco Reus
100%
2013/14Marco Reus
100%
2012/13Marco Reus
100%
2018/19Marco Reus
100%
2010/11Franck Ribéry
98.3%
2013/14Franck Ribéry
98.3%
2016/17Franck Ribéry
98.3%
2016/17Arjen Robben
98.3%
2012/13Franck Ribéry
98.3%
2011/12Franck Ribéry
98.3%
2010/11Mario Götze
94.9%
2010/11Thomas Müller
94.9%
2011/12Thomas Müller
94.9%
2012/13Thomas Müller
94.9%
2013/14Mario Götze
94.9%
2014/15Thomas Müller
94.9%
2017/18Thomas Müller
94.9%
2013/14Thomas Müller
94.9%
2016/17Thomas Müller
94.9%
2018/19Jadon Sancho
89.8%
2017/18Joshua Kimmich
84.7%
2018/19Joshua Kimmich
84.7%
2017/18Kai Havertz
81.4%
2018/19Julian Brandt
79.7%
2012/13Kevin De Bruyne
76.3%
2014/15Kevin De Bruyne
76.3%
2016/17Emil Forsberg
69.5%
2018/19Kevin Volland
66.1%
Year Player % Correct
2012/13Kevin Volland
66.1%
2011/12Shinji Kagawa
64.4%
2013/14Henrikh Mkhitaryan
62.7%
2015/16Henrikh Mkhitaryan
62.7%
2017/18James Rodríguez
62.7%
2012/13Philipp Lahm
55.9%
2015/16Douglas Costa
52.5%
2013/14Max Kruse
45.8%
2014/15Max Kruse
45.8%
2015/16Lars Stindl
45.8%
2014/15Roberto Firmino
42.4%
2013/14Roberto Firmino
42.4%
2017/18Philipp Max
40.7%
2012/13Jakub Błaszczykowski
39%
2016/17Ousmane Dembélé
37.3%
2010/11Arturo Vidal
35.6%
2015/16Karim Bellarabi
35.6%
2011/12Klaas-Jan Huntelaar
33.9%
2017/18Daniel Caligiuri
27.1%
2017/18Caiuby
16.9%
2011/12Juan Arango
15.3%
2012/13Rafael van der Vaart
15.3%
2014/15Zlatko Junuzović
15.3%
2015/16Zlatko Junuzović
15.3%
2010/11Christian Tiffert
10.2%
2012/13Szabolcs Huszti
8.5%
2013/14Alexandru Maxim
6.8%
2012/13Hiroshi Kiyotake
1.7%

You're not logged in!

Compare scores with friends on all Sporcle quizzes.
OR
Log In

Sporcle TV

Today on Sporcle TV


Watch our educational content, quiz creation guides, and fun videos on Sporcle TV.

Show Comments

Extras

Top Quizzes Today


Score Distribution

Your Account Isn't Verified!

In order to create a playlist on Sporcle, you need to verify the email address you used during registration. Go to your Sporcle Settings to finish the process.

Report this User

Report this user for behavior that violates our Community Guidelines.

Details: